|
|
|
|
| LEADER |
00000cam a2200000 7i4500 |
| 001 |
0000120024 |
| 005 |
20170125.0 |
| 008 |
116122r nyu eng |
| 020 |
|
|
|a 9781400203598
|
| 090 |
0 |
0 |
|a 658.4092
|b MAX
|
| 100 |
1 |
|
|a Maxwell. John C. ,
|e author
|
| 245 |
1 |
0 |
|a The 360 LEADER :
|b DEVELOPING YOUR INFLUENCE from ANYWHERE in the ORGANIZATION
|c John C. Maxwell
|
| 264 |
3 |
1 |
|a Nashville :
|b Thomas Nelsonc2005
|
| 300 |
|
|
|a ix,356 pages :
|b illustrations ;
|c 23cm.
|
| 336 |
|
|
|a text, rdacontent
|
| 337 |
|
|
|a unmediated
|2 rdamedia
|
| 338 |
|
|
|a volume
|2 rdacarrier
|
| 650 |
0 |
0 |
|a Leadership
|
| 999 |
|
|
|a 0000414179
|b Buku
|c Lincoln Corner Rak Terbuka
|e Perbadanan Perpustakaan Awam Melaka
|